| 000 -LEADER |
| fixed length control field |
01087 am a22003255a 4500 |
| 001 - CONTROL NUMBER |
| control field |
006727137 |
| 003 - CONTROL NUMBER IDENTIFIER |
| control field |
OSt |
| 005 - DATE AND TIME OF LATEST TRANSACTION |
| control field |
20230403095047.0 |
| 008 - FIXED-LENGTH DATA ELEMENTS--GENERAL INFORMATION |
| fixed length control field |
010326s2000 enk || 000 ||eng |
| 015 ## - NATIONAL BIBLIOGRAPHY NUMBER |
| National bibliography number |
GBA119785 |
| Source |
bnb |
| 020 ## - INTERNATIONAL STANDARD BOOK NUMBER |
| International Standard Book Number |
9780440864554 |
| 035 ## - SYSTEM CONTROL NUMBER |
| System control number |
(UkCU)c900349836 |
| 040 ## - CATALOGING SOURCE |
| Original cataloging agency |
UkCU |
| Modifying agency |
Uk |
| Transcribing agency |
KH8 |
| 082 ## - DEWEY DECIMAL CLASSIFICATION NUMBER |
| Classification number |
823.914 WIL |
| 100 1# - MAIN ENTRY--PERSONAL NAME |
| Personal name |
Wilson, Jacqueline. |
| Relator term |
author |
| 245 10 - TITLE STATEMENT |
| Title |
Superstars / |
| Statement of responsibility, etc. |
Jacqueline Wilson ; illustrated by Nick Sharrat. |
| 246 3# - VARYING FORM OF TITLE |
| Title proper/short title |
Jacqueline Wilson's superstars |
| 246 3# - VARYING FORM OF TITLE |
| Title proper/short title |
Suitcase kid |
| 246 3# - VARYING FORM OF TITLE |
| Title proper/short title |
Lottie project |
| 260 ## - PUBLICATION, DISTRIBUTION, ETC. |
| Place of publication, distribution, etc. |
London : |
| Name of publisher, distributor, etc. |
Corgi Yearling, |
| Date of publication, distribution, etc. |
2000. |
| 300 ## - PHYSICAL DESCRIPTION |
| Extent |
361p. : |
| Other physical details |
ill. ; |
| Dimensions |
20cm. |
| 336 ## - CONTENT TYPE |
| Content type term |
text |
| Source |
rdacontent |
| 337 ## - MEDIA TYPE |
| Media type term |
unmediated |
| Source |
rdamedia |
| 338 ## - CARRIER TYPE |
| Carrier type term |
volume |
| Source |
rdacarrier |
| 500 ## - GENERAL NOTE |
| General note |
Cover title: Jacqueline Wilson's superstars. |
| 505 0# - FORMATTED CONTENTS NOTE |
| Formatted contents note |
Contents: The suitcase kid. Originally published: London: Doubleday, 1992 - The Lottie project. Originally published: London: Doubleday, 1997. |
| 650 #0 - SUBJECT ADDED ENTRY--TOPICAL TERM |
| Topical term or geographic name entry element |
Broken homes |
| Form subdivision |
Juvenile fiction. |
| 650 #0 - SUBJECT ADDED ENTRY--TOPICAL TERM |
| Topical term or geographic name entry element |
Children's stories, English. |
| 942 ## - ADDED ENTRY ELEMENTS (KOHA) |
| Source of classification or shelving scheme |
|
| Koha item type |
Books - Non Ficton |